01421 a2200205 450000100060000000300150000600500170002100800410003802000220007904000400010104100080014108000670014910000220021624501170023826400590035530000190041450506660043370000170109985600990111621245AR-UNSa-BCEJYS20260526141035.0260407a2011 arg spa d a978-987-660-085-9 aAR-UNSa-BCEJYSbspacAR-UNSa-BCEJYS aspa a658.16xReorganización financiera (Proyectos de inversión)1 aTapia, Gustavo N.10aConducción estratégica para la evaluación de proyectos de inversiónpevaluación comercial de proyectos 1aBuenos Aires :bEDICON (Fondo Editorial Consejo)c2011 a456 p.c28 cm. a1. Análisis estratégico de las decisiones de inversión - 2. Presentación y elaboración de proyectos - 3. Etapas y gestión - 4. Rentabilidad comercial - 5. Rentabilidad comercial - 6. Temáticas específicas vinculadas a proyectos de inversión y flujo de fondos - 7. Escenarios y sensibilidad - 8. Casos de aplicación sobre escenarios - 9. Financiación de proyectos de inversión - 10. Financiación de proyectos. Ejercicios y casos de aplicación - 11. Los enfoques de valuación de empresas - 12. Valuación por múltiplos - 13. Aspectos sobre rentabilidad social en los proyectos de inversión - 14. Plan de negocios - 15. Epílogo1 aAire, Carlos41uhttps://www.biblioeco.unsa.edu.ar/pmb/images/libros/L119255.jpgyImagen de portadaqimage/jpeg